00325nam a22001217a 4500003000400000008004100004100002000045245003200065250000800097260003800105300000900143650005100152OSt200702b ||||| |||| 00| 0 eng d aPawar , Atharam aPharmaceutics For B. Pharm  a3rd aNew DelhibNirali Prakashanc2019 aMISC aPharmaceutics (Dispensing and General Pharmacy